Top 15 landen met Covid-19 sterfgevallen - 1 augustus - Statistieken

Algemene statistieken
  • Deze quiz is 3 keer genomen
  • De gemiddelde score is 13 van 20
Antwoordstatistieken
land % Correct
België
100%
Brazilië
100%
Duitsland
100%
Italië
100%
Nederland
100%
Spanje
100%
Verenigde Staten
100%
Zweden
100%
Frankrijk
67%
Ierland
67%
Rusland
67%
Verenigd Koninkrijk
67%
Chili
33%
Colombia
33%
Ecuador
33%
Iran
33%
Mexico
33%
Peru
33%
India
0%
Panama
0%
Geen overeenkomende quizzen gevonden
Scoreverdeling
Procent van Mensen met Elke Score
Percentiel versus Aantal Correcte Antwoorden
Uw Scoregeschiedenis
U heeft deze quiz nog niet genomen